[Event "DOM-chT"]
[Site "Santiago de los Caballeros"]
[Date "2017.08.18"]
[Round "2.2"]
[White "Hernandez Morel, Romel Antonio"]
[Black "Salomon Cortorreal, Jose Charjil"]
[Result "1-0"]
[WhiteElo "1969"]
[BlackElo "1915"]
[PlyCount "109"]
[EventDate "2017.08.17"]
[EventType "team-swiss"]
[EventRounds "6"]
[EventCountry "DOM"]
[SourceTitle "EXT 2019"]
[Source "ChessBase"]
[SourceDate "2018.10.10"]
[SourceVersion "1"]
[SourceVersionDate "2018.10.10"]
[SourceQuality "1"]
[WhiteTeam "Valverde Mao"]
[BlackTeam "Duarte"]
[WhiteTeamCountry "DOM"]
[BlackTeamCountry "DOM"]

1. e4 c6 2. Nf3 d5 3. Nc3 Bg4 4. d4 e6 5. Be2 Bb4 6. e5 Ne7 7. Bg5 h6 8. Bd2 Nf5 9. Na4 Be7 10. c3 b5 11. Nc5 Bxc5 12. dxc5 Bxf3 13. Bxf3 Nd7 14. Qe2 Nxc5 15. 0-0 Qc7 16. b3 0-0 17. c4 Nd4 18. Qe3 Nxf3+ 19. gxf3 Nd7 20. cxb5 cxb5 21. Bb4 Rfc8 22. Bd6 Qc2 23. Rfc1 Qf5 24. Rxc8+ Rxc8 25. Kh1 f6 26. exf6 Qxf6 27. Re1 e5 28. Bxe5 Nxe5 29. Qxe5 Qxf3+ 30. Kg1 Rc2 31. Qb8+ Kh7 32. Qxa7 Qg4+ 33. Kh1 d4 34. Qb7 Rxf2 35. Rg1 Qf3+ 36. Qxf3 Rxf3 37. Rd1 d3 38. Kg2 Re3 39. a4 bxa4 40. bxa4 Kg6 41. a5 Kf5 42. a6 Ke4 43. Ra1 Re2+ 44. Kg3 Kd4 45. a7 Re8 46. a8Q Rxa8 47. Rxa8 d2 48. Kf4 g5+ 49. Kf5 Ke3 50. Re8+ Kf2 51. Rd8 Ke2 52. Kg6 d1Q 53. Rxd1 Kxd1 54. Kxh6 g4 55. Kh5 1-0

[Event "San Francisco de Macoris op"]
[Site "San Francisco de Macoris"]
[Date "2016.02.26"]
[Round "1"]
[White "Salomon Cortorreal, Jose Charjil"]
[Black "Brito Mercedes, Blas Antonio"]
[Result "1-0"]
[WhiteElo "1926"]
[BlackElo "1735"]
[PlyCount "75"]
[EventDate "2016.02.26"]
[EventType "swiss"]
[EventRounds "6"]
[EventCountry "DOM"]
[SourceTitle "CBM 171 Extra"]
[Source "ChessBase"]
[SourceDate "2016.04.26"]
[SourceVersion "1"]
[SourceVersionDate "2016.04.26"]
[SourceQuality "1"]

1. d4 Nf6 2. c4 e6 3. Nc3 c6 4. e4 d6 5. Bd3 h6 6. Nge2 a6 7. h3 Be7 8. Be3 Nbd7 9. Qd2 b6 10. 0-0 g5 11. f3 e5 12. Rfd1 Nh5 13. b4 Nf4 14. Bc2 Nf6 15. Qe1 h5 16. dxe5 Nd7 17. Nxf4 gxf4 18. Bxf4 dxe5 19. Bxe5 Rg8 20. b5 Bc5+ 21. Bd4 Qg5 22. Qf2 Ne5 23. Bxc5 bxc5 24. f4 Qg7 25. fxe5 Bxh3 26. Rd2 Qxe5 27. Qe1 Qg7 28. e5 Bxg2 29. Kh2 Bf3 30. Ne4 Qxe5+ 31. Ng3 f6 32. Qxe5+ fxe5 33. Re1 Rg5 34. Ne4 Rg6 35. Nxc5 Rg4 36. Rxe5+ Kf7 37. Rf2 Rxc4 38. Bb3 1-0

[Event "Santiago de los Caballeros op"]
[Site "Santiago de los Caballeros"]
[Date "2015.11.08"]
[Round "4"]
[White "Dominguez, Benjamin"]
[Black "Salomon Cortorreal, Jose Charjil"]
[Result "1/2-1/2"]
[WhiteElo "2122"]
[BlackElo "1944"]
[PlyCount "78"]
[EventDate "2015.11.06"]
[EventType "swiss"]
[EventRounds "6"]
[EventCountry "DOM"]
[SourceTitle "CBM 169 Extra"]
[Source "ChessBase"]
[SourceDate "2015.12.18"]
[SourceVersion "1"]
[SourceVersionDate "2015.12.18"]
[SourceQuality "1"]

1. e4 d5 2. exd5 Qxd5 3. Nc3 Qa5 4. d4 c6 5. Bc4 Bf5 6. Nf3 e6 7. 0-0 Nf6 8. h3 Bd6 9. Re1 0-0 10. Nh4 Bg6 11. Nxg6 hxg6 12. Ne4 Nxe4 13. Rxe4 Nd7 14. c3 Nf6 15. Re1 Rad8 16. Qf3 Rfe8 17. Bb3 Bb8 18. Re2 Qc7 19. g3 Nh5 20. Bg5 Rc8 21. Rae1 Kh7 22. Bc2 Kg8 23. Bb3 Kh7 24. Re4 Kg8 25. Kg2 b5 26. Rh4 Qd6 27. Rhe4 Qc7 28. Kf1 c5 29. dxc5 Qxc5 30. h4 Qf5 31. Kg2 Nf6 32. Qxf5 gxf5 33. Rb4 a6 34. Bxf6 gxf6 35. Rd4 Rcd8 36. Red1 Rxd4 37. Rxd4 Kf8 38. Rd7 Re7 39. Rxe7 Kxe7 1/2-1/2

[Event "DOM-ch"]
[Site "Santo Domingo"]
[Date "2015.05.03"]
[Round "4"]
[White "Camacho Campusano, David Daniel"]
[Black "Salomon Cortorreal, Jose Charjil"]
[Result "0-1"]
[WhiteElo "2026"]
[BlackElo "1967"]
[PlyCount "84"]
[EventDate "2015.05.01"]
[EventType "swiss"]
[EventRounds "11"]
[EventCountry "DOM"]
[SourceTitle "CBM 166 Extra"]
[Source "ChessBase"]
[SourceDate "2015.06.18"]
[SourceVersion "1"]
[SourceVersionDate "2015.06.18"]
[SourceQuality "1"]

1. e4 c6 2. d4 d5 3. exd5 cxd5 4. Bd3 Nc6 5. c3 Nf6 6. Bf4 Bg4 7. f3 Bh5 8. Ne2 e6 9. Nd2 Bd6 10. Qb3 Rb8 11. 0-0-0 Bg6 12. Bxg6 hxg6 13. Rhe1 0-0 14. g4 Bxf4 15. Nxf4 Qc7 16. Ne2 b5 17. Kb1 b4 18. Rc1 Na5 19. Qa4 bxc3 20. Rxc3 Qb6 21. b3 Ne8 22. Rc5 Nb7 23. Rc6 Qd8 24. Qxa7 Ned6 25. Rec1 Qg5 26. R1c2 Qe3 27. Nc1 Nb5 28. Qa4 N7d6 29. Qb4 Rfd8 30. R6c3 Nxc3+ 31. Qxc3 Qg1 32. a4 Rdc8 33. Qb2 Rxc2 34. Kxc2 Qe3 35. Kb1 Nc4 36. Nxc4 dxc4 37. b4 c3 38. Qb3 c2+ 39. Kb2 Qxd4+ 40. Kxc2 Rxb4 41. Qa3 Rc4+ 42. Kb1 Rxa4 0-1

[Event "DOM-ch"]
[Site "Santo Domingo"]
[Date "2015.05.02"]
[Round "3"]
[White "Salomon Cortorreal, Jose Charjil"]
[Black "Feliz Dotel, Dewar Bienvenido"]
[Result "0-1"]
[WhiteElo "1967"]
[BlackElo "2047"]
[PlyCount "92"]
[EventDate "2015.05.01"]
[EventType "swiss"]
[EventRounds "11"]
[EventCountry "DOM"]
[SourceTitle "CBM 166 Extra"]
[Source "ChessBase"]
[SourceDate "2015.06.18"]
[SourceVersion "1"]
[SourceVersionDate "2015.06.18"]
[SourceQuality "1"]

1. Nf3 Nf6 2. g3 g6 3. Bg2 Bg7 4. 0-0 0-0 5. c4 d6 6. d4 Nbd7 7. Nc3 c6 8. e4 e5 9. d5 cxd5 10. cxd5 Nc5 11. Re1 a5 12. Qc2 b6 13. Nd2 Bh6 14. Nb3 Bxc1 15. Raxc1 Nh5 16. Nxc5 bxc5 17. Qd2 f5 18. f3 f4 19. g4 Ng7 20. Qf2 Bd7 21. Bf1 a4 22. Bb5 Bxb5 23. Nxb5 Qb6 24. Na3 Rfb8 25. Nc4 Qa6 26. Rc3 Ne8 27. Qh4 Rb4 28. Rec1 Qb7 29. a3 Rb5 30. R1c2 Qg7 31. g5 Qe7 32. Qg4 Nc7 33. h4 Rb7 34. Rd3 Nb5 35. h5 gxh5 36. Qxh5 Kh8 37. Rg2 Rg8 38. Kf2 Qd8 39. Rd1 Rbg7 40. Rh1 Qe7 41. g6 Rd8 42. Rgh2 Rd7 43. Qf5 Nd4 44. Qg4 Qf8 45. Nb6 Rb7 46. Kf1 Qe8 0-1